00364nam a2200109 a 450000500170000000800410001705000240005810000190008224500660010126000650016765000220023220140414132104.0100823s19uu xx 00 eng d aTR 428.20bT37 1999 aThompson, Bobi aTake five minutes :b365 calendar-related editing activities. aWestminster, California :bTeacher Created Resources,c1999. aSentence building